TransLatin: The Transnational Impact of Latin Theatre from the Early Modern Netherlands : Qualitative and Computational Analyses /

What do a Dutch school drama and a Swedish royal tragedy have in common? TransLatin uncovers the unexpected journeys of Latin plays from the Low Countries across early modern Europe. Bridging qualitative and computational methods, the volume reveals previously uncharted networks of circulation, tran...

Full description

Saved in:

Other Authors: Bloemendal, Jan (Editor), Wouters, Dinah (Editor)

Format: eBook

Language: English

Published: Leiden ; Boston : Brill, 2026.

Series: Drama and Theatre in Early Modern Europe ; 15.
Early Modern History and Modern History E-Books online, Collection 2026.

Subjects:

Online Access: Login to view Source

Tags: Add Tag

No Tags, Be the first to tag this record!

Call Number: N5305

LEADER 02939nam a22005178i 4500
001 BRILL9789004753198
003 nllekb
005 20260324115022.0
006 m d
007 cr un uuuua
008 251031s2026 gw sb 001 0 eng d
020 |a 9789004753198  |q (electronic book) 
020 |z 9789004753181  |q (print) 
024 7 |a 10.1163/9789004753198  |2 DOI 
040 |a NL-LeKB  |c NL-LeKB  |e rda 
041 |a eng 
050 4 |a N5305 
072 7 |a AN  |2 bicssc 
072 7 |a DRA  |x 0000000  |2 bisacsh 
072 7 |a PER  |x 0011000  |2 bisacsh 
072 7 |a PER  |x 0011020  |2 bisacsh 
082 0 4 |a 709  |2 23 
245 0 0 |a TransLatin: The Transnational Impact of Latin Theatre from the Early Modern Netherlands :  |b Qualitative and Computational Analyses /  |c edited by Dinah Wouters and Jan Bloemendal. 
246 3 |a Qualitative and Computational Analyses 
264 1 |a Leiden ;  |a Boston :  |b Brill,  |c 2026. 
264 4 |c ©2026 
300 |a 1 online resource (186 pages) :  |b illustrations. 
336 |a text  |b txt  |2 rdacontent 
337 |a computer  |b c  |2 rdamedia 
338 |a online resource  |2 rdacarrier 
490 1 |a Drama and Theatre in Early Modern Europe ;  |v 15 
490 1 |a Early Modern History and Modern History E-Books online, Collection 2026 
504 |a Includes bibliographical references and index. 
520 |a What do a Dutch school drama and a Swedish royal tragedy have in common? TransLatin uncovers the unexpected journeys of Latin plays from the Low Countries across early modern Europe. Bridging qualitative and computational methods, the volume reveals previously uncharted networks of circulation, translation, and reuse. New data and visualisations offer insights into the infrastructure of transmission: print networks, pedagogical institutions, and multilingual intermediaries. Case studies range from biblical drama and Jesuit theatre to the Everyman tradition and the Swedish Rosimunda . By combining traditional scholarship with Digital Humanities, TransLatin redefines the boundaries of early modern theatre studies and offers a model for transnational literary research. Contributors are Dinah Wouters, Andrea Peverelli, Jan Bloemendal, and James A. Parente, Jr.. 
546 |a English 
588 |a Description based on print version record. 
650 0 |a Art History. 
650 0 |a Drama & Theatre Studies. 
650 0 |a Performing Arts. 
700 1 |a Bloemendal, Jan,  |e editor. 
700 1 |a Wouters, Dinah,  |e editor. 
776 0 8 |i Print version:  |t TransLatin: The Transnational Impact of Latin Theatre from the Early Modern Netherlands : Qualitative and Computational Analyses.  |d Leiden ; Boston : Brill, 2026.  |z 9789004753181  |w (OCoLC)1536335612 
830 0 |a Drama and Theatre in Early Modern Europe ;  |v 15. 
830 0 |a Early Modern History and Modern History E-Books online, Collection 2026. 
856 4 |z DOI:   |u http://dx.doi.org/10.1163/9789004753198 
999 |c 61930  |d 61930